| 000 | 00706nam a22002057a 4500 | ||
|---|---|---|---|
| 999 |
_c17480 _d17480 |
||
| 003 | OSt | ||
| 005 | 20221024105144.0 | ||
| 008 | 221024b ||||| |||| 00| 0 eng d | ||
| 040 | _c0 | ||
| 082 | _2DPer 910.46 T156 2019 v76PA-76PB | ||
| 100 |
_4Wikhamn, Wajda. _eauthor. _946498 |
||
| 245 | _aInnovation, sustainable HRM and customer satisfaction / | ||
| 260 |
_aAmsterdam : _bElsevier, _c©January 2019. |
||
| 300 |
_av 76PA, pages 102-110 : _billustrations. |
||
| 500 | _aInternational Journal of Hospitality Management. v 76PA : pages 102-110. Jan 2019. | ||
| 650 |
_2Hospitality industry. _946498 |
||
| 650 |
_2Consumer satisfaction. _946498 |
||
| 650 |
_2Satisfaction. _946498 |
||
| 942 |
_2ddc _cPER |
||